Language Quiz

Random Language or Italian Quiz

Italian: Food Quiz Stats

 Plays Quiz Updated Mar 25, 2020

Support Sporcle.
Go Orange.
Score 0/30 Timer 05:00
2 Plays Today
% Correct
carrot
93.5%
fruit
93.1%
chocolate
92.7%
rice
92.6%
ice cream
90.9%
potato
89.9%
chicken
89.5%
salad
89.1%
cheese
87.9%
bread
84.9%
fish
84.8%
cookies
84.3%
candy
83.4%
corn
82.3%
egg
82.1%
% Correct
toast
81.2%
ham
81.1%
jelly
78.6%
sausage
76.3%
nut
74.5%
cake
74.4%
tomato
72.4%
vegetables
69.6%
peas
65.6%
butter
64.7%
pancake
64.2%
onion
51%
pork
46.7%
herbs
46%
beef
37.2%

You're not logged in!

Compare scores with friends on all Sporcle quizzes.
OR
Log In

From the Vault

Remove Ads.
Support Sporcle.
Get the best of Sporcle when you Go Orange. This ad-free experience offers more features, more stats, and more fun while also helping to support Sporcle. Thank you for becoming a member.

Show Comments

Extras

Top Quizzes Today


Score Distribution

Your Account Isn't Verified!

In order to create a playlist on Sporcle, you need to verify the email address you used during registration. Go to your Sporcle Settings to finish the process.

Report this User

Report this user for behavior that violates our Community Guidelines.

Details: